000 00431nam a2200157Ia 4500
005 20250613033756.0
008 240331s9999 xx 000 0 und d
020 _a9558755028
082 _bREE
_a331
100 _aReed,E
245 0 _aStree vimukthiya pilibanda getalu :
_bMaxswadee praveshayak
260 _aRajagiriya
_bDifference Publishers
_c2003
300 _a171 p .,
500 _aProblems of Women's Liberation
942 _cL
999 _c5053
_d5053